Reflexiones para una transformación en República Dominicana / (Record no. 46360)
[ view plain ]
| 000 -CABECERA | |
|---|---|
| campo de control de longitud fija | 01080nam a2200205 a 4500 |
| 001 - NÚMERO DE CONTROL | |
| campo de control | 000046871 |
| 005 - FECHA Y HORA DE LA ÚLTIMA TRANSACCIÓN | |
| campo de control | 20250122110933.0 |
| 008 - DATOS DE LONGITUD FIJA--INFORMACIÓN GENERAL | |
| campo de control de longitud fija | 180404s2015 dr abc 000 0 spa d |
| 020 ## - NÚMERO INTERNACIONAL ESTÁNDAR DEL LIBRO | |
| Número Internacional Estándar del Libro | 9789945899603 |
| 040 ## - FUENTE DE LA CATALOGACIÓN | |
| Centro catalogador/agencia de origen | DO-SdBNP |
| Lengua de catalogación | spa |
| Centro/agencia transcriptor | BNPHU |
| 082 ## - NÚMERO DE LA CLASIFICACIÓN DECIMAL DEWEY | |
| Número de clasificación | xxxx |
| Número de documento/Ítem | B622r |
| 100 ## - ENTRADA PRINCIPAL--NOMBRE DE PERSONA | |
| Nombre de persona | Bisonó Haza, Víctor O., |
| Fechas asociadas al nombre | 1963- |
| 9 (RLIN) | 55852 |
| 245 10 - MENCIÓN DE TÍTULO | |
| Título | Reflexiones para una transformación en República Dominicana / |
| Mención de responsabilidad, etc. | Ito Bisonó ; presentación Luis G. Fortuño. |
| 260 ## - PUBLICACIÓN, DISTRIBUCIÓN, ETC. | |
| Lugar de publicación, distribución, etc. | Santo Domingo : |
| Nombre del editor, distribuidor, etc. | Mediáticos Consultores, |
| Fecha de publicación, distribución, etc. | 2015. |
| 300 ## - DESCRIPCIÓN FÍSICA | |
| Extensión | 179 p. : |
| Otras características físicas | il., retrs., mapa ; |
| Dimensiones | 23 cm. |
| 500 ## - NOTA GENERAL | |
| Nota general | Incluye datos biográficos del autor en la solapa de la cubierta |
| 505 0# - NOTA DE CONTENIDO CON FORMATO | |
| Nota de contenido con formato | Inserción en el mundo y competitividad -- Seguridad ciudadana y combate contra las drogas -- Un país educado -- Un país saludable -- Un país donde la justicia funcione igual para todos -- Energía y medio ambiente -- Demografía e inmigración -- Equidad social e igualdad para todos -- Empleo y desarrollo económico -- Ito Bisonó. |
| 590 ## - NOTA LOCAL (RLIN) | |
| Nota local | Inventariado, 2018 /LP |
| 700 1# - PUNTO DE ACCESO ADICIONAL--NOMBRE DE PERSONA | |
| Nombre de persona | Fortuño, Luis G., |
| Término indicativo de función/relación | prest. |
| 9 (RLIN) | 74819 |
| Estado de retiro | Estado de pérdida | Restricciones de uso | No para préstamo | Código de colección | Localización permanente | Ubicación/localización actual | Ubicación en estantería | Fecha de adquisición | Número de inventario | Total de préstamos | Signatura topográfica completa | Código de barras | Fecha visto por última vez | Precio válido a partir de | Tipo de ítem Koha |
|---|---|---|---|---|---|---|---|---|---|---|---|---|---|---|---|
| Patrimonio Dominicano | General | General | En catalogación | 04.04.2018 | LF1 | xxxx B622r | 46871-30 | 25.06.2020 | 25.06.2020 | Libro y Folleto Colección Patrimonio Dominicano | |||||
| Excluido de préstamo | Patrimonio Dominicano | Patrimonio Dominicano | Patrimonio Dominicano | En catalogación | 04.04.2018 | LF1 | xxxx B622r | 46871-10 | 25.06.2020 | 25.06.2020 | Libro y Folleto Colección Patrimonio Dominicano | ||||
| Excluido de préstamo | Patrimonio Dominicano | Patrimonio Dominicano | Patrimonio Dominicano | En catalogación | 04.04.2018 | LF1 | xxxx B622r | 46871-20 | 25.06.2020 | 25.06.2020 | Libro y Folleto Colección Patrimonio Dominicano |
